O slobode-

Bibliographic Details
Main Author: Urbánek, Ján, 1940- (Author)
Format: Article
Language:Slovak
ISSN:1335-3470
Subjects:

MARC

LEADER 00000nab a2200000 a 4500
001 vtls000697796
003 SK-MaSNL
005 20260302181520.0
008 140512c1999 xo 0 slo
015 |a SNBRB1999/06-17809 
035 |a CLN000049963 
040 |a SNKBUCL  |b slo  |c SNKBUCL  |e AACR2 
041 0 |a slo 
044 |a xo  |c SK 
080 |a 17.021.2  |2 1997 
080 |a 323(437.6)  |2 1997 
100 1 |a Urbánek, Ján,  |d 1940-  |4 aut  |9 102711 
245 1 0 |a O slobode-  |c Ján Urbánek 
600 1 7 |a Chelemendik, Sergej,  |d 1957-2016  |t Neverte im, sú to nežné prasatá v našom žite  |2 snkbucl  |9 50545 
650 0 7 |a sloboda  |x úvahy  |2 snkbucl  |9 892233 
655 7 |a články z novín a časopisov  |2 snkbucl  |9 267496 
773 0 |t Kultúra  |g Roč. 2, č. 31-32 (1999), s. 1 a 13  |x 1335-3470 
850 |a Slovenská národná knižnica v Martine 
852 |a SNK  |b KIS3GCP 
958 |a SK 
992 |a RBX 
999 |c 1414513  |d 1416443